|
|
|
|
| LEADER |
00000nab a2200000 ar4500 |
| 001 |
vtls010507052 |
| 003 |
SK-MaSNL |
| 005 |
20260305031130.0 |
| 008 |
130429c20111213xo mr|p|||||||000 b|slo |
| 038 |
|
|
|a SNSK
|
| 040 |
|
|
|b slo
|c SNSK
|e AACR2
|
| 041 |
|
|
|a slo
|
| 044 |
|
|
|a xo
|c SK
|
| 080 |
|
|
|a 373.3
|x (437.67)
|2 2001
|
| 080 |
|
|
|a 069.444
|2 2001
|
| 245 |
0 |
0 |
|a Školákom v smižanoch vynovili školu, dostali i laboratórium
|c [autor](šim)
|
| 300 |
|
|
|b Fotogr.
|
| 610 |
2 |
7 |
|a Základná škola Povýšenia sv. Kríža (Smižany, Slovensko)
|2 snsk
|9 93338
|
| 650 |
0 |
7 |
|a Opravy a rekonštrukcie
|2 snsk
|9 1044953
|
| 651 |
|
7 |
|a Smižany (Slovensko)
|2 snsk
|9 29314
|
| 651 |
|
7 |
|a Spišská Nová Ves (Slovensko : okres)
|2 snsk
|9 22259
|
| 773 |
0 |
|
|t Spišskonovoveský Korzár
|g Roč. I., č. 14 (13.12.2011), s. 3
|x 1338-841X
|
| 852 |
|
|
|a SNSK
|b KIS3GCP
|
| 999 |
|
|
|c 3314849
|d 3316779
|